La reforma educacional chilena

Guardat en:
Dades bibliogràfiques
Autor principal: García-Huidobro Saavedra, Juan Eduardo (Autor)
Format: Llibre
Idioma:espanyol
Publicat: Madrid Popular 1999
Col·lecció:Colección Proa
Matèries:
Etiquetes: Afegir etiqueta
Sense etiquetes, Sigues el primer a etiquetar aquest registre!

MARC

LEADER 00000nam a2200000 a 4500
001 UCP3134
003 CL-VaPUC
008 990611e19990000SP |||||||||||||||||spa|d
082 0 4 |a 379.983  |b GAR  |2 21 
100 |a García-Huidobro Saavedra, Juan Eduardo  |e author  |9 489835 
245 1 3 |a La reforma educacional chilena 
300 |a 335 p 
942 |c BK 
945 |d 19990611 00:00:00  |a rbrito 
260 |a Madrid  |b Popular  |c 1999 
600 0 7 |a PROGRAMA MECE  |2 CL-VaPUC  |9 430270 
600 0 7 |a PROGRAMA MONTEGRANDE  |2 CL-VaPUC  |9 430271 
650 0 |a Reforma educacional   |9 256319 
650 0 |a Educación preescolar  |9 260381 
650 0 |a Educación rural   |9 308104 
650 0 |a Educación básica   |9 224933 
650 0 |a Formación profesional de profesores  |9 307493 
650 0 |a Currículo  |9 307290 
650 0 |a Política educacional  |9 308011 
651 7 |a CHILE  |2 CL-VaPUC  |9 430272 
583 |a last modification  |c 19990611 00:00:00  |k Rodrigo Vera 
490 0 |a Colección Proa 
999 |c 281560  |d 281558 
952 |0 0  |1 0  |4 0  |6 379_983000000000000_GAR_1999  |7 0  |8 R  |9 322389  |a BIBEDU  |b BIBEDU  |d 2019-11-20  |i 3527654  |o 379.983 GAR 1999  |p 3527654  |r 2023-01-13  |w 2019-11-20  |y BK_R  |k EPE 
952 |0 0  |1 0  |4 0  |6 379_983000000000000_GAR_1999  |7 0  |8 R  |9 322390  |a BIBEDU  |b BIBEDU  |d 2019-11-20  |i 3535886  |o 379.983 GAR 1999  |p 3535886  |r 2023-01-13  |w 2019-11-20  |y BK_R  |k EDU 
952 |0 0  |1 0  |4 0  |6 379_983000000000000_GAR_1999  |7 0  |8 A  |9 322392  |a FDOPOS  |b FDOPOS  |d 2019-11-20  |i 3576957  |o 379.983 GAR 1999  |p 3576957  |r 2025-01-22  |w 2019-11-20  |y BK  |k MLA 
952 |0 0  |1 0  |4 0  |6 379_983000000000000_GAR_1999  |7 0  |8 R  |9 322393  |a BIBEDU  |b BIBEDU  |d 2019-11-20  |i 3738213  |o 379.983 GAR 1999  |p 3738213  |r 2023-01-13  |w 2019-11-20  |y BK_R  |k EPE 
952 |0 0  |1 0  |4 0  |6 379_983000000000000_GAR_1999  |7 0  |8 R  |9 322394  |a BIBEDU  |b BIBEDU  |d 2019-11-20  |i 3738221  |o 379.983 GAR 1999  |p 3738221  |r 2023-01-13  |w 2019-11-20  |y BK_R  |k EPE 
952 |0 0  |1 0  |4 0  |6 379_983000000000000_GAR_1999  |7 0  |8 R  |9 322395  |a BIBEDU  |b BIBEDU  |d 2019-11-20  |i 373823K  |o 379.983 GAR 1999  |p 373823K  |r 2023-01-13  |w 2019-11-20  |y BK_R  |k EPE 
952 |0 0  |1 0  |4 0  |6 379_983000000000000_GAR_1999  |7 0  |8 R  |9 322396  |a BIBEDU  |b BIBEDU  |c MCIRC  |d 2019-11-20  |i 3805271  |l 1  |o 379.983 GAR 1999  |p 3805271  |r 2023-01-13  |s 2022-12-05  |w 2019-11-20  |y BK_R  |k EDU 
952 |0 0  |1 0  |4 0  |6 379_983000000000000_GAR_1999  |7 0  |8 R  |9 322397  |a BIBEDU  |b BIBEDU  |d 2019-11-20  |i 3808432  |o 379.983 GAR 1999  |p 3808432  |r 2023-01-13  |w 2019-11-20  |y BK_R  |k EDU 
952 |0 0  |1 0  |4 0  |6 379_983000000000000_GAR_1999  |7 0  |8 R  |9 322398  |a BIBEDU  |b BIBEDU  |d 2019-11-20  |i 3808440  |o 379.983 GAR 1999  |p 3808440  |r 2023-01-13  |w 2019-11-20  |y BK_R  |k EDU 
952 |0 0  |1 0  |4 0  |6 379_983000000000000_GAR_1999  |7 0  |8 R  |9 322399  |a BIBEDU  |b BIBEDU  |d 2019-11-20  |i 3808459  |o 379.983 GAR 1999  |p 3808459  |r 2023-01-13  |w 2019-11-20  |y BK_R  |k EDU